Español: primer grado, actividades

में बचाया:
ग्रंथसूची विवरण
मुख्य लेखकों: González Guerrero, Laura V (लेखक), Morales García, Elia del Carmen (लेखक), Díaz Aguilar, Ana Rosa (लेखक), Hernández Zamora, Gregorio (लेखक), Salgado Hernández, María Esther (लेखक)
स्वरूप: पुस्तक
भाषा:स्पेनिश
प्रकाशित: Ciudad de México SEP 1997
विषय:
टैग: टैग जोड़ें
कोई टैग नहीं, इस रिकॉर्ड को टैग करने वाले पहले व्यक्ति बनें!

MARC

LEADER 00000nam a2200000 a 4500
001 UCO8939
003 CL-VaPUC
008 010112e19970000MX |||||||||||||||||spa|d
082 0 4 |a 372.4  |b GON  |2 21 
100 |a González Guerrero, Laura V  |e author  |9 453907 
700 |a Morales García, Elia del Carmen  |e author  |9 453908 
700 0 |a Díaz Aguilar, Ana Rosa  |e author  |9 453909 
700 0 |a Hernández Zamora, Gregorio  |e author  |9 453910 
700 0 |a Salgado Hernández, María Esther  |e author  |9 453911 
245 1 0 |a Español: primer grado, actividades 
300 |a 223 p 
942 |c BK 
945 |d 20010112 00:00:00  |a cmena 
260 |a Ciudad de México  |b SEP  |c 1997 
650 7 |a LENGUAJE ESPAÑOL  |2 CL-VaPUC  |9 453912 
650 0 |a Enseñanza de la lectura  |9 308364 
650 0 |a Educación básica   |9 224933 
650 0 |a Educación lingüística  |9 306506 
650 0 |a Métodos de enseñanza  |9 270413 
583 |a last modification  |c 20010112 00:00:00  |k Rodrigo Vera 
999 |c 293354  |d 293352 
952 |0 0  |1 0  |4 0  |6 372_400000000000000_GON_1997  |7 0  |8 A  |9 344828  |a BIBEDU  |b BIBEDU  |d 2019-11-20  |i 3683087  |o 372.4 GON 1997  |p 3683087  |r 2019-11-20  |w 2019-11-20  |y BK  |k EDU